Behind the smiles, (Record no. 17229)

MARC details
000 -LEADER
fixed length control field 00617cam a22002171 4500
001 - CONTROL NUMBER
control field ca 34000115
003 - CONTROL NUMBER IDENTIFIER
control field DLC
005 - DATE AND TIME OF LATEST TRANSACTION
control field 20260227111130.0
008 - FIXED-LENGTH DATA ELEMENTS--GENERAL INFORMATION
fixed length control field 881214s1933 wyuc 000 0 eng
010 ## - LIBRARY OF CONGRESS CONTROL NUMBER
LC control number ca 34000115
035 ## - SYSTEM CONTROL NUMBER
System control number (OCoLC)18897136
040 ## - CATALOGING SOURCE
Original cataloging agency DLC
Transcribing agency RPB
Modifying agency RPB
-- DLC
042 ## - AUTHENTICATION CODE
Authentication code premarc
050 00 - LIBRARY OF CONGRESS CALL NUMBER
Classification number PS3543.A452
Item number B4 1933
082 ## - DEWEY DECIMAL CLASSIFICATION NUMBER
Classification number 818.5
100 1# - MAIN ENTRY--PERSONAL NAME
Personal name Van Burgh, Lillian L. McBride.
245 10 - TITLE STATEMENT
Title Behind the smiles,
Statement of responsibility, etc. by Lillian L. McBride-Van Burgh.
260 ## - PUBLICATION, DISTRIBUTION, ETC.
Place of publication, distribution, etc. [Casper, Wyo.,
Name of publisher, distributor, etc. Prairie Publishing Company,
Date of publication, distribution, etc. c1933]
300 ## - PHYSICAL DESCRIPTION
Extent 73 p. incl. port.
Dimensions 15 cm.
500 ## - GENERAL NOTE
General note Poetry and prose.

No items available.

Powered by Koha